[Event "North Island Rapid Championship incorporating the Estonian Open"]
[Site "Wellington Chess Club"]
[Date "2024.11.16"]
[Round "5.6"]
[White "Young, Cohen"]
[Black "Charles, Dion"]
[Result "1-0"]
[WhiteElo "1960"]
[WhiteFideId "4317440"]
[BlackElo "1786"]
[BlackFideId "4305981"]

1. e4 c5 2. Nf3 e6 3. d4 cxd4 4. Nxd4 a6 5. c4 Qc7 6. Nc3 Nf6 7. a3 Be7 8. Be2
b6 9. O-O Bb7 10. f3 O-O 11. Be3 Rd8 12. Rc1 Nc6 13. Nd5 exd5 14. cxd5 Qe5 15.
Nf5 Bc5 16. Bxc5 bxc5 17. dxc6 Bxc6 18. b4 d6 19. Qc2 g6 20. Ng3 Nd7 21. Rfd1
Bb7 22. Bc4 cxb4 23. Qb3 Rf8 24. Qxb4 Nc5 25. Bd5 Rab8 26. Qc4 Bc8 27. Ne2 Bd7
28. Nd4 Kg7 29. g3 Rb2 30. f4 Qh5 31. h4 Qg4 32. Qc3 Rfb8 33. Nf5+ 1-0

[Event "North Island Rapid Championship incorporating the Estonian Open"]
[Site "Wellington Chess Club"]
[Date "2024.11.16"]
[Round "6.1"]
[White "Ker, Anthony F"]
[Black "Malcolm, Leo"]
[Result "1-0"]
[WhiteElo "2246"]
[WhiteFideId "4300084"]
[BlackElo "1814"]
[BlackFideId "4317408"]

1. e4 e5 2. d4 exd4 3. Nf3 Nc6 4. Bc4 Nf6 5. e5 d5 6. Bb5 Ne4 7. Nxd4 Bc5 8.
Be3 O-O 9. Nxc6 bxc6 10. Bxc5 Nxc5 11. Bxc6 Rb8 12. Qxd5 Qe7 13. O-O Rd8 14.
Qf3 Rxb2 15. Nc3 Rxc2 16. Nd5 Qe6 17. Rad1 Rf8 18. Rfe1 Na6 19. Ba4 Rxa2 20.
Bb3 Ra3 21. Re3 Qe8 22. Nf6+ gxf6 23. Qg3+ Kh8 24. exf6 1-0

[Event "North Island Rapid Championship incorporating the Estonian Open"]
[Site "Wellington Chess Club"]
[Date "2024.11.16"]
[Round "6.2"]
[White "Tanoi, T Edward"]
[Black "Dive, Russell J"]
[Result "0-1"]
[WhiteElo "1872"]
[WhiteFideId "4302087"]
[BlackElo "2239"]
[BlackFideId "4300106"]

1. d4 Nf6 2. c4 c5 3. d5 b5 4. e3 g6 5. Nf3 Bg7 6. Bd3 O-O 7. Nc3 bxc4 8. Bxc4
d6 9. h3 Ba6 10. Bxa6 Nxa6 11. O-O Nc7 12. Re1 Rb8 13. e4 Nd7 14. Nd2 Nb5 15.
Nxb5 Rxb5 16. Qc2 Qa5 17. Re3 Rb4 18. Ra3 Qb5 19. Rb3 Rb8 20. Rxb4 Qxb4 21. Rb1
Qb5 22. b3 Qe2 23. Bb2 Bxb2 24. Rxb2 Qe1+ 25. Nf1 Rb4 26. Qe2 Rxe4 27. Qxe1
Rxe1 28. f4 Nf6 29. Kf2 Re4 30. Kf3 Rd4 31. Ne3 Nxd5 32. Nxd5 Rxd5 33. Re2 e6
34. Re4 Rd3+ 35. Kg4 f5+ 0-1

[Event "North Island Rapid Championship incorporating the Estonian Open"]
[Site "Wellington Chess Club"]
[Date "2024.11.16"]
[Round "6.4"]
[White "Winsley, Nicholas"]
[Black "Van der Hoorn, Thomas"]
[Result "1/2-1/2"]
[WhiteElo "1936"]
[WhiteFideId "4315146"]
[BlackElo "1870"]
[BlackFideId "4314565"]

1. e4 c6 2. d4 d5 3. Nc3 dxe4 4. Nxe4 Nf6 5. Nxf6+ exf6 6. c3 Bd6 7. Bd3 O-O 8.
Qc2 Re8+ 9. Ne2 h5 10. O-O h4 11. h3 Nd7 12. Bf4 Nf8 13. Bxd6 Qxd6 14. c4 Be6
15. Rad1 Rad8 16. Nc3 Bc8 17. Be4 Qb4 18. b3 Ne6 19. d5 Ng5 20. dxc6 Nxe4 21.
Rxd8 Rxd8 22. c7 Re8 23. Nxe4 Qe7 24. Re1 Kf8 25. Re3 Qxc7 26. Qd2 Be6 27. Qe2
Bf5 28. Nc3 Rxe3 29. Qxe3 Qe5 30. Qxe5 fxe5 31. Nb5 Bb1 32. Nc3 Bd3 33. f3 Ke7
34. Kf2 a6 35. Ke3 Bf1 36. Kf2 Bd3 37. a3 Kd6 38. Ne4+ Kc6 39. Nd2 Bc2 40. b4
f5 41. Ke3 b6 42. Kf2 a5 43. Ke2 axb4 44. axb4 Kd6 45. c5+ bxc5 46. Nc4+ Ke6
47. bxc5 Ba4 48. Nd6 Bc6 49. Kd3 g5 50. Ke3 Bd7 51. Nc4 Bb5 52. Nb6 Bc6 53. Nc8
Bd7 54. Na7 Kd5 55. c6 Bxc6 56. Nc8 Ke6 57. Nb6 f4+ 58. Kf2 e4 59. fxe4 Bxe4
60. Nc4 Kd5 61. Nd2 Kd4 62. Nb3+ Ke5 63. Nc5 Bc6 64. Nd3+ Kf5 65. Nc5 g4 66.
hxg4+ Kxg4 67. Nd3 Be4 68. Ne5+ Kf5 69. Nd7 Ke6 70. Nc5+ Kd5 71. Nb3 Ke5 72.
Nd2 Bd5 73. Nf1 Kf5 74. Nd2 Kg4 75. Nf1 Bc4 76. Nh2+ Kf5 77. Nf3 Bd5 78. Nxh4+
Kg4 79. Ng6 Bxg2 80. Kxg2 f3+ 81. Kf2 Kg5 82. Kxf3 1/2-1/2

[Event "North Island Rapid Championship incorporating the Estonian Open"]
[Site "Wellington Chess Club"]
[Date "2024.11.16"]
[Round "6.5"]
[White "Winter, Ryan"]
[Black "Keith, Matthew"]
[Result "1-0"]
[WhiteElo "1927"]
[WhiteFideId "4306295"]
[BlackElo "1818"]
[BlackFideId "4320913"]

1. e4 c5 2. Nf3 d6 3. d4 cxd4 4. Nxd4 Nf6 5. Nc3 a6 6. Be2 e5 7. Nf3 Be7 8. O-O
O-O 9. Re1 Be6 10. Bf1 b5 11. a4 b4 12. Nd5 Nxd5 13. exd5 Bf5 14. a5 Nd7 15.
Bd2 Rc8 16. Bxb4 Rxc2 17. Bc3 Nc5 18. Nd2 Bg5 19. Nc4 Nb3 20. Ra3 Nd4 21. Ne3
Bh4 22. g3 Rxf2 23. Kxf2 Qf6 24. Kg1 Be4 25. Bxd4 Qg6 26. Bb6 f5 27. Ng2 Be7
28. Bd3 Bxg2 29. Kxg2 e4 30. Bxe4 fxe4 31. Qe2 Rc8 32. Rc3 1-0

[Event "North Island Rapid Championship incorporating the Estonian Open"]
[Site "Wellington Chess Club"]
[Date "2024.11.16"]
[Round "6.6"]
[White "Nicholls, Leighton"]
[Black "Sethuramalingam, Karthik"]
[Result "0-1"]
[WhiteElo "1910"]
[WhiteFideId "4303776"]
[BlackElo "1756"]
[BlackFideId "4320964"]

1. b4 d5 2. Bb2 Nf6 3. Nf3 Bf5 4. e3 e6 5. b5 Be7 6. c4 c6 7. Nc3 O-O 8. Be2
dxc4 9. Bxc4 cxb5 10. Bxb5 Qb6 11. Qb3 a6 12. Bc4 Qxb3 13. axb3 Nc6 14. O-O b5
15. Be2 Bc2 16. Rfc1 Nb4 17. Nd4 Bd3 18. Bf3 Nbd5 19. Nxd5 exd5 20. Nc6 Bd8 21.
Nxd8 Rfxd8 22. Bxf6 gxf6 23. Rc6 a5 24. Rc5 a4 25. Bxd5 axb3 26. Bxa8 b2 27.
Rcc1 bxc1=Q+ 28. Rxc1 Rxa8 29. f4 b4 30. Kf2 b3 0-1